000 00652nam a2200217Ia 4500
003 OSt
005 20241018154010.0
008 210210b1970 xxu||||| |||| 00| 0 eng d
040 _cAL
041 _aKannada
082 _a294.4K KUNS
100 _aKUNDAKUNDACHARYA
_d ಕುಂದಕುಂದಾಚಾರ್ಯ
_9182720
245 _aSamayasara
_bಸಮಯಸಾರ
260 _aDharmasthala
_bShri Virendra Heggade
_c1970
300 _axlvi,197
650 _aSamayasara
_9182721
690 _aJainism
_9182722
700 _aShanthiraja Shastri
_dಶಾಂತಿರಾಜ ಶಾಸ್ತ್ರೀ tr
_9182723
906 _a028846
942 _2ddc
_cBK
999 _c80080
_d80080